<?xml version="1.0" encoding="UTF-8"?>
<collection xmlns="http://www.loc.gov/MARC21/slim">
 <record>
  <leader>00831nam a22002057a 4500</leader>
  <controlfield tag="001">NCT_65148</controlfield>
  <controlfield tag="008">190808b        xxu||||| |||| 00| 0 vie d</controlfield>
  <datafield tag="999" ind1=" " ind2=" ">
   <subfield code="c">3156</subfield>
   <subfield code="d">3156</subfield>
  </datafield>
  <datafield tag="020" ind1=" " ind2=" ">
   <subfield code="a">9781118533314</subfield>
   <subfield code="c">3040500</subfield>
  </datafield>
  <datafield tag="082" ind1="0" ind2="4">
   <subfield code="2">23rd ed.</subfield>
   <subfield code="a">621.43</subfield>
   <subfield code="b">F354</subfield>
  </datafield>
  <datafield tag="100" ind1="1" ind2=" ">
   <subfield code="a">Ferguson, Colin R.</subfield>
  </datafield>
  <datafield tag="245" ind1="1" ind2="0">
   <subfield code="a">Internal combustion engines :</subfield>
   <subfield code="b">Applied thermosciences</subfield>
   <subfield code="c">Colin R. Ferguson,  Allan T. Kirkpatrick</subfield>
  </datafield>
  <datafield tag="250" ind1=" " ind2=" ">
   <subfield code="a">3rd ed.</subfield>
  </datafield>
  <datafield tag="260" ind1=" " ind2=" ">
   <subfield code="a">Chichester, West Sussex, United Kingdom</subfield>
   <subfield code="b">Wiley</subfield>
   <subfield code="c">2016</subfield>
  </datafield>
  <datafield tag="300" ind1=" " ind2=" ">
   <subfield code="a">xiii, 459 p.</subfield>
   <subfield code="c">26cm</subfield>
  </datafield>
  <datafield tag="653" ind1=" " ind2=" ">
   <subfield code="a">Công nghệ kỹ thuật ô tô</subfield>
  </datafield>
  <datafield tag="700" ind1="1" ind2=" ">
   <subfield code="a">Kirkpatrick,  Allan T. </subfield>
  </datafield>
  <datafield tag="942" ind1=" " ind2=" ">
   <subfield code="2">ddc</subfield>
   <subfield code="c">BK</subfield>
  </datafield>
  <datafield tag="952" ind1=" " ind2=" ">
   <subfield code="0">0</subfield>
   <subfield code="1">0</subfield>
   <subfield code="2">ddc</subfield>
   <subfield code="4">0</subfield>
   <subfield code="6">621_430000000000000_F354</subfield>
   <subfield code="7">0</subfield>
   <subfield code="9">17020</subfield>
   <subfield code="a">000001</subfield>
   <subfield code="b">000001</subfield>
   <subfield code="d">2019-08-08</subfield>
   <subfield code="o">621.43 F354</subfield>
   <subfield code="p">MD.16022</subfield>
   <subfield code="r">2019-08-08</subfield>
   <subfield code="v">999999.99</subfield>
   <subfield code="w">2019-08-08</subfield>
   <subfield code="y">BK</subfield>
  </datafield>
  <datafield tag="980" ind1=" " ind2=" ">
   <subfield code="a">Thư viện Trường Đại học Nam Cần Thơ</subfield>
  </datafield>
 </record>
</collection>
